Pink Floyd ~ Not Now John - Statistics

General Stats
  • This quiz has been taken 19 times
  • The average score is 211 of 302
Answer Stats
Answer % Correct
all
92%
Fuck
92%
fuck
92%
go
92%
got
92%
Got
92%
I
92%
John
92%
no
92%
No
92%
not
92%
Not
92%
now
92%
Now
92%
on
92%
that
92%
to
92%
We
92%
we've
92%
and
85%
get
85%
Get
85%
gotta
85%
Japanese
85%
show
85%
So
85%
the
85%
these
85%
Who
85%
with
85%
about
77%
be
77%
Bear
77%
compete
77%
cry
77%
'em
77%
feel
77%
it
77%
It
77%
knees
77%
laugh
77%
Make
77%
maybe
77%
Russian
77%
aisles
69%
as
69%
but
69%
But
69%
but...
69%
cares
69%
dance
69%
his
69%
Hold
69%
in
69%
is
69%
it's
69%
kids
69%
long
69%
Need
69%
need
69%
of
69%
okay
69%
Pay
69%
pay
69%
stay
69%
Swedes
69%
There's
69%
there's
69%
this
69%
What
69%
what
69%
wily
69%
at
62%
bar
62%
Bingo
62%
bring
62%
burning
62%
Can't
62%
end
62%
enough
62%
hay
62%
Hollywood
62%
home
62%
Lose
62%
Maggie
62%
many
62%
pleased
62%
rainbow
62%
Se
62%
showed
62%
too
62%
trees
62%
Vietnamese
62%
waits
62%
we'll
62%
Well
62%
where
62%
worry
62%
Argentina
54%
away
54%
bomb
54%
Break
54%
film
54%
fires
54%
fucking
54%
job
54%
Mind
54%
Oh
54%
or
54%
stop
54%
tough
54%
us
54%
wouldn't
54%
books
46%
Click
46%
click
46%
Come
46%
could
46%
Could
46%
day
46%
down
46%
Down
46%
gone
46%
good
46%
Hammer
46%
le
46%
Na
46%
na
46%
46%
read
46%
S'il
46%
Silicon
46%
used
46%
Big
38%
don't
38%
fits
38%
fix
38%
Hang
38%
I've
38%
know
38%
like
38%
news
38%
Oi
38%
other
38%
S'cusi
38%
six
38%
some
38%
Stroll
38%
think
38%
here
31%
let's
31%
pissed
31%
reusable
31%
shift
31%
shows
31%
something
31%
abuse
23%
est
23%
Il
23%
plaît
23%
vous
23%
einai
15%
parakalo
15%
pou
15%
tsss
15%
Dov'è
8%
No matching quizzes found
Score Distribution
Percent of People with Each Score
Percentile by Number Answered
Your Score History
You have not taken this quiz